00261nam a2200097Ia 4500008004100000100001900041245003100060260004300091300000900134650002000143190216s9999||||xx |||||||||||||| ||und|| aNaeem Siddiqui 4aThe Benefactor Of Humanity b"Markazi Maktaba Islami, Delhi"c1993 a277p aIslamic History